Name a Valid Capital City by Two Letter Sequence - Statistics

General Stats
  • This quiz has been taken 791 times
  • The average score is 228 of 287
Answer Stats
Letter Hint Done # Example % Correct
A AN 35 Canberra
98%
A AR 20 Paris
97%
A AS 14 Brasília
97%
O ON 18 London
97%
S SA 18 Santiago
97%
T TO 20 Tokyo
97%
A AT 9 Athens
96%
B BA 15 Bangkok
96%
C CA 8 Cairo
96%
C CO 7 Moscow
96%
E ER 11 Canberra
96%
H HI 4 Washington D.C.
96%
I IN 22 Berlin
96%
I IS 13 Paris
96%
I IT 7 Quito
96%
L LI 14 Dublin
96%
M MA 21 Madrid
96%
M ME 6 Rome
96%
N NA 19 Monaco
96%
N ND 9 London
96%
N NG 12 Singapore
96%
R RA 20 Ankara
96%
R RI 17 Paris
96%
T TA 12 Bogo
96%
W WA 7 Warsaw
96%
A AB 10 Kabul
95%
A AD 10 Madrid
95%
A AM 12 Amsterdam
95%
A AW 6 Warsaw
95%
B BE 9 Berlin
95%
B BO 7 Lisbon
95%
B BU 6 Buenos Aires
95%
C CI 7 Asunción
95%
D DA 8 Amsterdam
95%
E EL 7 Helsinki
95%
E EN 10 Vienna
95%
H HA 11 Hanoi
95%
I IC 5 Nicosia
95%
I IR 6 Cairo
95%
K KA 8 Dakar
95%
L LO 7 London
95%
R RO 9 Rome
95%
S SH 7 Washington D.C.
95%
S SI 6 Helsinki
95%
S ST 9 Astana
95%
T TE 9 Montevideo
95%
T TY 5 Mexico City
95%
V VA 8 Havana
95%
A AG 7 Copenhagen
94%
A AI 9 Cairo
94%
A AL 15 Jerusalem
94%
A AP 6 Budapest
94%
B BR 6 Brussels
94%
D DO 7 London
94%
G GT 2 Wellington
94%
I IA 12 Brasília
94%
I IL 9 Manila
94%
J JA 6 Jakarta
94%
M MO 9 Moscow
94%
O OC 2 Stockholm
94%
O OS 6 Oslo
94%
O OT 6 Ottawa
94%
O OU 11 Seoul
94%
O OW 6 Moscow
94%
P PA 9 Paris
94%
R RE 14 Zagreb
94%
T TI 8 Santiago
94%
V VI 10 Vilnius
94%
A AC 5 Monaco
93%
A AK 9 Jakarta
93%
A AV 5 Havana
93%
L LA 11 Manila
93%
O OK 2 Tokyo
93%
O OR 16 Singapore
93%
U UL 5 Kabul
93%
U US 8 Damascus
93%
E EM 4 Jerusalem
92%
E ET 7 Pretoria
92%
K KY 2 Tokyo
92%
L LL 6 Wellington
92%
N NO 7 Hanoi
92%
N NS 5 Athens
92%
S SC 3 Moscow
92%
S SE 7 Seoul
92%
T TT 4 Ottawa
92%
D DC 1 Washington D.C.
91%
D DE 5 New Delhi
91%
E EI 4 Beijing
91%
E ES 6 Buenos Aires
91%
E EX 1 Mexico City
91%
G GA 10 Riga
91%
H HE 2 Athens
91%
I ID 4 Madrid
91%
K KI 6 Kinshasa
91%
K KO 4 Bangkok
91%
O OM 6 Rome
91%
P PE 5 Budapest
91%
U UB 3 Dublin
91%
U UR 4 Kuala Lumpur
91%
W WN 5 Cape Town
91%
X XI 1 Mexico City
91%
Y YO 2 Tokyo
91%
B BL 3 Dublin
90%
D DU 4 Dublin
90%
G GU 5 Prague
90%
H HO 4 Stockholm
90%
I IE 4 Vienna
90%
J JE 3 Jerusalem
90%
J JI 2 Beijing
90%
L LS 2 Brussels
90%
N NB 3 Canberra
90%
N NI 7 Manila
90%
R RS 3 Warsaw
90%
R RU 5 Brussels
90%
S SL 3 Oslo
90%
B BI 5 Abu Dhabi
89%
D DH 4 Dhaka
89%
K KH 2 Khartoum
89%
L LE 6 Jerusalem
89%
L LM 3 Stockholm
89%
L LU 4 Kuala Lumpur
89%
N NE 5 Vientiane
89%
N NK 2 Ankara
89%
N NT 9 Santiago
89%
P PO 9 Tripoli
89%
P PR 5 Pretoria
89%
E EO 4 Seoul
88%
G GO 5 Santiago
88%
I IJ 2 Beijing
88%
N NC 3 Asunción
88%
O OP 3 Copenhagen
88%
R RR 3 Canberra
88%
R RT 8 Jakarta
88%
T TH 4 Athens
88%
U UA 7 Kuala Lumpur
88%
Y YA 6 Riyadh
88%
E EV 4 Montevideo
87%
G GE 5 Copenhagen
87%
K KU 4 Baku
87%
O OL 2 Tripoli
87%
R RG 3 Luxembourg
87%
R RD 2 Amsterdam
86%
U UD 3 Budapest
86%
U UE 2 Prague
86%
A AA 2 Ulaanbaatar
85%
N NN 2 Vienna
85%
S SS 5 Brussels
85%
N NH 2 Copenhagen
84%
U UN 4 Tunis
84%
Y YI 2 Kyiv
84%
Z ZA 2 Zagreb
84%
C CH 3 Bucharest
83%
C CK 1 Stockholm
83%
I IV 2 Kyiv
83%
J JU 4 Juba
83%
M MP 4 Kampala
83%
S SB 2 Lisbon
83%
W WE 2 Wellington
83%
A AU 5 Port-au-Prince
82%
E EY 2 Niamey
82%
I IG 3 Riga
82%
I IM 2 Lima
82%
L LG 2 Algiers
82%
M MB 2 Luxembourg
82%
O OF 3 Sofia
82%
P PY 2 Pyongyang
82%
S SK 2 Minsk
82%
U UC 3 Bucharest
82%
U UT 5 Beirut
82%
D DI 3 Mogadishu
81%
I IK 2 Reykjavík
81%
A AZ 2 La Paz
80%
C CR 2 Sucre
80%
E EW 1 New Delhi
80%
I IB 4 Paramaribo
80%
L LH 1 New Delhi
80%
W WD 1 New Delhi
80%
U UI 3 Quito
79%
D DR 1 Madrid
78%
K KJ 1 Reykjavík
78%
P PU 3 Maputo
78%
U UX 1 Luxembourg
78%
X XE 1 Luxembourg
78%
Y YK 1 Reykjavík
78%
G GK 1 Bangkok
77%
G GR 2 Belgrade
77%
M MI 2 Minsk
77%
M MS 1 Amsterdam
77%
O OG 2 Bogotá
77%
R RL 1 Berlin
77%
D DJ 2 N'Djamena
76%
G GI 2 Algiers
76%
S SO 3 Sofia
76%
S SU 3 Suva
76%
C CC 1 Accra
75%
G GY 1 Pyongyang
75%
U UM 2 Kuala Lumpur
75%
I IP 2 Taipei
74%
Q QU 1 Quito
74%
R RN 1 Bern
74%
V VO 3 Sarajevo
74%
G GH 1 Baghdad
73%
H HD 1 Baghdad
73%
L LJ 1 Ljubljana
73%
O OD 3 Dodoma
73%
O OI 1 Hanoi
73%
D DD 1 Addis Ababa
72%
P PH 2 Phnom Penh
72%
I IY 1 Riyadh
71%
O OE 2 Windhoek
71%
E EB 1 Zagreb
70%
E EK 2 Bishkek
70%
I IU 1 Vilnius
69%
L LN 1 Vilnius
69%
E EH 1 Tehran
68%
H HR 1 Tehran
68%
P PJ 1 Skopje
68%
T TB 1 Tbilisi
68%
U UZ 1 Vaduz
68%
A AJ 2 Sarajevo
67%
H HU 2 Thimphu
67%
T TR 2 Tripoli
67%
H HK 2 Tashkent
66%
K KE 2 Bishkek
66%
M MM 1 Amman
66%
Z ZZ 1 Brazzaville
66%
C CE 1 Port-au-Prince
65%
T TC 1 Kuwait City
65%
U UP 1 Port-au-Prince
65%
U UW 1 Kuwait City
65%
D DG 2 Podgorica
64%
F FI 1 Sofia
64%
M MU 2 Muscat
64%
Y YE 1 Yerevan
64%
H HN 1 Phnom Penh
63%
N NJ 2 Banjul
63%
T TU 1 Tunis
63%
V VE 1 Andorra la Vella
63%
A AY 2 Naypyidaw
62%
E EG 3 Tegucigalpa
62%
G GS 2 Kingston
62%
N NM 1 San Marino
62%
C CU 1 Damascus
61%
E EE 1 Freetown
61%
F FR 1 Freetown
61%
A AO 2 Yaoundé
60%
W WI 1 Windhoek
59%
U UJ 1 Abuja
58%
O OB 1 Nairobi
57%
O OV 2 Porto-Novo
57%
H HM 1 Kathmandu
56%
O OH 1 Doha
56%
E EP 1 Sri JayawardenepuraKotte
54%
I IO 1 Asuncn
54%
K KR 2 Conakry
54%
S SR 1 Sri JayawardenepuraKotte
54%
B BY 1 Port Moresby
53%
T TM 1 Port Moresby
53%
F FO 1 Bloemfontein
51%
F FS 1 Port-of-Spain
51%
J JO 1 San Jo
51%
M MF 1 Bloemfontein
51%
P PI 1 Apia
51%
S SP 1 Port-of-Spain
51%
L LV 1 San Salvador
50%
U UV 1 Suva
50%
A AF 1 Funafuti
49%
F FU 1 Funafuti
49%
U UK 2 Yamoussoukro
49%
N NR 1 Monrovia
48%
H HG 1 Ashgabat
47%
U UG 1 Ouagadougou
47%
T TJ 1 Saint John's
46%
L LP 1 Tegucigalpa
45%
R RY 1 Conakry
45%
Y YP 1 Naypyidaw
44%
K KC 1 Nouakchott
43%
G GW 1 Lilongwe
42%
C CT 1 Victoria
41%
F FA 1 Nuku'alofa
41%
N NU 1 Nuku'alofa
41%
T TG 1 Saint George's
41%
S SM 1 Asmara
40%
T TL 1 Port Louis
37%
T TV 1 Port Vila
35%
E EA 1 Roseau
29%
H HT 1 South Tarawa
28%
No matching quizzes found
Score Distribution
Percent of People with Each Score
Percentile by Number Answered
Your Score History
You have not taken this quiz